LDR 00602naa#a2200157#i#450# 001 EN\\bibl\124816 005 20260604130939.4 100 ## _a20260531b2026####ek#y0engy0150####ca 102 ## _aRU 200 1# _aTRACOLOGICAL RESEARCH, MODERN METHODS _eJournal article 210 1# _aMoscow _cNational Research University of Electronic Technology _d2026 215 ## _a0 с. 608 ## _aJournal article _2local 675 ## _aТрассология. 343.982.35 _aКриминалистика. Криминалистическая техника и тактика. 343.98 _z 700 #1 _aBarbachakova _gYuliya Yur'evna 856 4# _ahtlaw.ru _u